System dynamics

Tallennettuna:
Bibliografiset tiedot
Päätekijä:  Palm, William J
Aineistotyyppi: Sách
Kieli:Undetermined
Julkaistu:  McGraw-Hill Higher Education  2005
Aiheet:
Tagit: Lisää tagi
Ei tageja, Lisää ensimmäinen tagi!
Thư viện lưu trữ: Trung tâm Thư viện - Trường Đại học Công nghiệp TP. Hồ Chí Minh
LEADER 00478nam a2200157Ia 4500
001 UIH_05578
008 231011s9999 xx 000 0 und d
082 |a  620.1 
100 |a  Palm, William J 
245 0 |a  System dynamics 
245 0 |c  Palm, William J 
260 |b  McGraw-Hill Higher Education 
260 |c  2005 
650 |a  Cơ học ứng dụng;  
927 |a Sách 
980 |a Trung tâm Thư viện - Trường Đại học Công nghiệp TP. Hồ Chí Minh